Strategies for improving salt tolerance in higher plants

Gardado en:
Detalles Bibliográficos
Autor Principal: Jaiwal, Pawan K
Formato: Libro
Idioma:inglés
Publicado: República Libanesa Science 1997
Subjects:
Tags: Engadir etiqueta
Sen Etiquetas, Sexa o primeiro en etiquetar este rexistro!

MARC

LEADER 00000nam a2200000 a 4500
001 UCO5324
003 CL-VaPUC
005 20220317074309.0
008 000901e19970000us |||||||||||||||||eng|d
999 |c 291223  |d 291221 
040 |c Pontificia Universidad Católica de Valparaíso 
082 0 4 |a 631.416 JAI 1997  |2 21 
100 0 |a Jaiwal, Pawan K  |9 450111 
245 1 0 |a Strategies for improving salt tolerance in higher plants 
260 0 3 |a República Libanesa  |b Science  |c 1997 
300 |a 443 páginas 
583 |a last modification  |c 20171212 06:30:16  |k Rodrigo Vera 
650 0 |a Agricultura  |9 255598 
650 7 |a EDAFOLOGIA  |2 CL-VaPUC  |9 450112 
650 0 |a Genética vegetal  |9 264341 
650 0 |a Plantas  |9 264555 
650 0 |a Química inorgánica  |9 260154 
650 7 |a SALINIDAD  |2 CL-VaPUC  |9 263023 
650 0 |a Suelos  |9 260322 
942 |c BK  |2 ddc 
945 |d 20000901 00:00:00  |a vberengu